Heart Like Water : Surviving Katrina And Life In Its Disaster Zone
| Main Author: | |
|---|---|
| Format: | Book |
| Language: | English |
| Published: |
New York :
Free Press ,
2007
|
| Subjects: |
MARC
| LEADER | 00000cam a2200000 7i4500 | ||
|---|---|---|---|
| 001 | 0000086514 | ||
| 005 | 20110608.0 | ||
| 008 | 100511 eng | ||
| 020 | |a 9781416537632 | ||
| 090 | 0 | 0 | |a 976.3 CLA |
| 100 | 1 | |a Clark, Joshua | |
| 245 | 1 | 0 | |a Heart Like Water : |b Surviving Katrina And Life In Its Disaster Zone |c Joshua Clark |
| 260 | |a New York : |b Free Press , |c 2007 | ||
| 300 | |a 356 p. ; |c 24 cm. | ||
| 650 | 0 | 0 | |a Hurricane Katrina, 2005 |x Social aspects |
| 999 | |a 0000108312 |b Buku |c Lincoln Corner Rujukan |e Perbadanan Perpustakaan Awam Melaka | ||